000 00547nam a22002057a 4500
001 BD-DhSAU 5901
003 BD-DhSAU
005 20150429142619.0
008 150429b1996 ii a|||| |||| 00| 0 eng d
020 _a817488243X
040 _aBD-DhSAU
082 _222
_a581.4
_bARP
100 _a Arora, D. K.
245 _aPhysiology of transport /
_cby D. K. Arora and Seema Gupta
260 _aNew delhi :
_bAnmol publications ,
_cc1996.
300 _a392 p.:
_bill. ;
_c22 cm.
590 _aIMRAN
650 _aPhysiology
700 _aGupta, Seema
942 _2ddc
_cBOOK
999 _c5901
_d5901